<?xml version="1.0" encoding="UTF-8"?>
<record
    xmlns:xsi="http://www.w3.org/2001/XMLSchema-instance"
    xsi:schemaLocation="http://www.loc.gov/MARC21/slim http://www.loc.gov/standards/marcxml/schema/MARC21slim.xsd"
    xmlns="http://www.loc.gov/MARC21/slim">

  <leader>01891nam a22002057a 4500</leader>
  <controlfield tag="008">251022b        |||||||| |||| 00| 0 eng d</controlfield>
  <datafield tag="020" ind1=" " ind2=" ">
    <subfield code="a">9789063696085</subfield>
  </datafield>
  <datafield tag="040" ind1=" " ind2=" ">
    <subfield code="c">tbs</subfield>
  </datafield>
  <datafield tag="041" ind1=" " ind2=" ">
    <subfield code="a">eng</subfield>
  </datafield>
  <datafield tag="050" ind1=" " ind2=" ">
    <subfield code="a">HD57.7 </subfield>
    <subfield code="b">V85 2021</subfield>
  </datafield>
  <datafield tag="100" ind1=" " ind2=" ">
    <subfield code="a">Vullings, Ramon</subfield>
    <subfield code="9">26263</subfield>
    <subfield code="e">author</subfield>
  </datafield>
  <datafield tag="245" ind1=" " ind2=" ">
    <subfield code="a">Great leaders mix and match </subfield>
    <subfield code="b">: get ready for the future with the ideaDJ strategy</subfield>
    <subfield code="c">/ Ramon Vullings.</subfield>
  </datafield>
  <datafield tag="260" ind1=" " ind2=" ">
    <subfield code="a">Amsterdam : </subfield>
    <subfield code="b">BIS Publishers, </subfield>
    <subfield code="c">2021.</subfield>
  </datafield>
  <datafield tag="300" ind1=" " ind2=" ">
    <subfield code="a">237 pages :</subfield>
    <subfield code="b">illustrations (color) ;</subfield>
    <subfield code="c">16 cm.</subfield>
  </datafield>
  <datafield tag="520" ind1=" " ind2=" ">
    <subfield code="a">Great Leaders Mix and Match is a manifesto for more beautiful combinations in (business) life. The world faces complex challenges, and these challenges can only be resolved by mixing and matching ideas. The beauty here lies in the elegance of the solutions which actually make the (business) world a better place and how we are able to solve multiple challenges in one go. Think of a waste incarnation plant which doubles as ski hill. Or think of new solutions for care: an elderly home, combined with children day care and an animal farm, where all parties benefit from the combination. These are real cases where the total (combination) is clearly more than the sum of its parts.

This book serves as a manual and toolbox and outlines how leaders can become 'ideaDJs'. A perfect ideaDJ mix consists of beauty, value and impact. By creating beauty, the solutions have more elegance in their implementation. It adds more value to all stakeholders, not just shareholders. And finally, the solutions create more sustainable and scalable impact.

Besides many exciting examples, this book contains a clear methodology and tool kits. The main focus is to help (business) leaders to change the mindset and attitude of the people around them.</subfield>
  </datafield>
  <datafield tag="650" ind1=" " ind2="0">
    <subfield code="a">Creative ability in business</subfield>
    <subfield code="9">4129</subfield>
  </datafield>
  <datafield tag="650" ind1=" " ind2="0">
    <subfield code="a">Leadership</subfield>
    <subfield code="9">2600</subfield>
  </datafield>
  <datafield tag="650" ind1=" " ind2="0">
    <subfield code="a">Strategic planning</subfield>
    <subfield code="9">3573</subfield>
  </datafield>
  <datafield tag="942" ind1=" " ind2=" ">
    <subfield code="2">lcc</subfield>
  </datafield>
  <datafield tag="952" ind1=" " ind2=" ">
    <subfield code="0">0</subfield>
    <subfield code="1">0</subfield>
    <subfield code="2">lcc</subfield>
    <subfield code="4">0</subfield>
    <subfield code="7">0</subfield>
    <subfield code="a">TBS</subfield>
    <subfield code="b">TBS</subfield>
    <subfield code="d">2025-10-22</subfield>
    <subfield code="l">1</subfield>
    <subfield code="o">HD57.7 VUL</subfield>
    <subfield code="p">B05718</subfield>
    <subfield code="q">2026-06-28</subfield>
    <subfield code="r">2026-05-14</subfield>
    <subfield code="s">2026-05-14</subfield>
    <subfield code="t">1</subfield>
    <subfield code="w">2025-10-22</subfield>
    <subfield code="y">1</subfield>
  </datafield>
  <datafield tag="999" ind1=" " ind2=" ">
    <subfield code="c">5077</subfield>
    <subfield code="d">5077</subfield>
  </datafield>
</record>
